01208cam a22001934a 4500020002200000040000800022082002600030245019400056260007600250300003200326500028400358650002600642710006100668710004600729710006200775710008900837710003100926856005700957 a9251055513 (pbk.) cUAB a631 FOO 2006 A037 Or.04aThe new generation of watershed management programmes and projects :ba resource book for practitioners and local decision-makers based on the findings and recommendations of an FAO review. aRome :bFood and Agriculture Organization of the United Nations,c2006. ax, 128 p. :bill. ;c30 cm. a"Prepared in collaboration with: European Observatory of Mountain Forests (EOMF), International Centre for Integrated Mountain Development (ICIMOD), Red Latinoamericana de Cooperación Técnica en Manejo de Cuencas Hidrográficas (REDLACH), World Agroforestry Centre (ICRAF)." 0aWatershed management.2 aFood and Agriculture Organization of the United Nations.2 aEuropean Observatory of Mountain Forests.2 aInternational Centre for Integrated Mountain Development.2 aRed Latinoamericana de Cooperación Técnica en Manejo de Cuencas Hidrográficas.2 aWorld Agroforestry Centre.41uhttp://www.loc.gov/catdir/toc/fy0707/2007370688.html